Catálogo
 En Linea

Biodiversidad de Puerto Rico : (Registro nro. 40468)

Detalles MARC
000 -CABECERA
campo de control de longitud fija 00612nam a2200181 a 4500
001 - NÚMERO DE CONTROL
campo de control 000040978
005 - FECHA Y HORA DE LA ÚLTIMA TRANSACCIÓN
campo de control 20201002034525.0
008 - DATOS DE LONGITUD FIJA--INFORMACIÓN GENERAL
campo de control de longitud fija 130912s2005 pr abf 000 0 spa d
020 ## - NÚMERO INTERNACIONAL ESTÁNDAR DEL LIBRO
Número Internacional Estándar del Libro 0865816018
040 ## - FUENTE DE LA CATALOGACIÓN
Centro catalogador/agencia de origen DO-SdBNP
Lengua de catalogación esp
Centro/agencia transcriptor BNPHU
082 ## - NÚMERO DE LA CLASIFICACIÓN DECIMAL DEWEY
Número de clasificación xxxx
Número de documento/Ítem xxxx
245 00 - MENCIÓN DE TÍTULO
Título Biodiversidad de Puerto Rico :
Resto del título Vertebrados terrestres y Ecosistemas /
Mención de responsabilidad, etc. editor, Rafael L. Joglar.
260 ## - PUBLICACIÓN, DISTRIBUCIÓN, ETC.
Lugar de publicación, distribución, etc. San Juan, Puerto Rico, :
Nombre del editor, distribuidor, etc. Instituto de Cultura Puertorriqueña,
Fecha de publicación, distribución, etc. 2005.
300 ## - DESCRIPCIÓN FÍSICA
Extensión 563 p. :
Otras características físicas il., map., lam.
490 1# - MENCIÓN DE SERIE
Mención de serie Historia natural
700 1# - PUNTO DE ACCESO ADICIONAL--NOMBRE DE PERSONA
Nombre de persona Joglar, Rafael L.
Término indicativo de función/relación ed.
9 (RLIN) 67411
830 #0 - PUNTO DE ACCESO ADICIONAL DE SERIE-TÍTULO UNIFORME
Título uniforme Historia natural
9 (RLIN) 67412
Existencias
Estado de retiro Estado de pérdida Restricciones de uso No para préstamo Código de colección Localización permanente Ubicación/localización actual Ubicación en estantería Fecha de adquisición Número de inventario Total de préstamos Signatura topográfica completa Código de barras Fecha visto por última vez Precio válido a partir de Tipo de ítem Koha
      Excluido de préstamo Monografías: Libros y Folletos General General En catalogación 12.09.2013 LF1   xxxx xxxx 40978-10 25.06.2020 25.06.2020 No se presta

Con tecnología Koha